Т. 39, № 3; Промышленная теплотехника

書誌詳細
Parent link:Промышленная теплотехника: Международный научно-прикладной журнал/ Институт технической теплофизики НАН Украины. Т. 39, № 3.— , 1980-
言語:ロシア語
出版事項: 2017
フォーマット: MixedMaterials 図書
KOHA link:https://koha.lib.tpu.ru/cgi-bin/koha/opac-detail.pl?biblionumber=574788

MARC

LEADER 00000nam2a2200000 4500
001 574788
005 20231101125951.0
035 |a (RuTPU)RU\TPU\prd\273494 
090 |a 574788 
100 |a 20170904a19809999k y0rusy50 ca 
101 0 |a rus 
102 |a un 
200 0 |a Т. 39, № 3 
210 |d 2017 
461 1 |0 (RuTPU)RU\TPU\prd\1700  |t Промышленная теплотехника  |o Международный научно-прикладной журнал  |f Институт технической теплофизики НАН Украины  |v Т. 39, № 3  |d 1980- 
801 0 |a RU  |b 63413507  |c 20010227  |g PSBO 
801 1 |a RU  |b 63413507  |c 20170904 
801 2 |a RU  |b 63413507  |c 20230616  |g RCR 
942 |c BK 
999 |a НТБ_ТПУ  |b НФ  |e -1/20170117  |p П-9077  |s 3/20161228  |u 0,00  |v 1